Giáo trình dạy viết tiếng Anh : Toàn tập = A complete course of writing English
Giới thiệu khởi đầu với phương pháp viết, tìm hiểu quy trình viết đoạn văn, phát triển đoạn văn, viết tiểu luận, hoàn thiện bài viết và nâng cao khả năng viết đúng chính tả.
Αποθηκεύτηκε σε:
| Κύριος συγγραφέας: | |
|---|---|
| Μορφή: | Βιβλίο |
| Γλώσσα: | Undetermined |
| Έκδοση: |
Hà Nội
Đại học Quốc gia Hà Nội
2018
|
| Θέματα: | |
| Ετικέτες: |
Προσθήκη ετικέτας
Δεν υπάρχουν, Καταχωρήστε ετικέτα πρώτοι!
|
| Thư viện lưu trữ: | Trung tâm Học liệu Trường Đại học Cần Thơ |
|---|
| LEADER | 00971nam a2200229Ia 4500 | ||
|---|---|---|---|
| 001 | CTU_230676 | ||
| 008 | 210402s9999 xx 000 0 und d | ||
| 020 | |c 125000 | ||
| 082 | |a 808.06 | ||
| 082 | |b Th107 | ||
| 100 | |a Hoàng, Thanh | ||
| 245 | 0 | |a Giáo trình dạy viết tiếng Anh : | |
| 245 | 0 | |b Toàn tập = A complete course of writing English | |
| 245 | 0 | |c Hoàng Thanh, Ngọc Linh, Diễm Ly | |
| 260 | |a Hà Nội | ||
| 260 | |b Đại học Quốc gia Hà Nội | ||
| 260 | |c 2018 | ||
| 520 | |a Giới thiệu khởi đầu với phương pháp viết, tìm hiểu quy trình viết đoạn văn, phát triển đoạn văn, viết tiểu luận, hoàn thiện bài viết và nâng cao khả năng viết đúng chính tả. | ||
| 650 | |a Tiếng Anh,English language | ||
| 650 | |x Viết,Writing | ||
| 910 | |b nthai | ||
| 980 | |a Trung tâm Học liệu Trường Đại học Cần Thơ | ||